000 00750nam a2200253Ia 4500
003 OSt
005 20220926025011.0
006 a|||||r|||| 00| 0
007 ta
008 220923b |||||||| |||| 00| 0 eng d
020 _a0195056469
037 _cGeneral Book
040 _aRTL
_cRTL
_beng
041 _2eng
_aeng
082 _aX:77.1(X).N8, M9
100 _aMartin Michael T
_9331750
245 0 _aStudies of development and change in the modern world
260 _aOxford
_bNew York
_c1989
300 _axii,458p.
_ccm.
500 _aBibliography chapterwise
700 _a Kandal Terry R Ed.
_9331751
942 _hX:77.1(X).N8, M9
_cGB
_2CC
999 _c646114
_d646114